Statistics for The Hebrew Alphabet

Click here to take the quiz!

General Stats

  • This quiz has been taken 464 times
  • The average score is 17 of 22

Answer Stats

Letter (final)LetterName% Correct
אaleph
97%
בbet
93%
גgimel
89%
דdalet
83%
הhe
83%
ןנnun
78%
םמmem
77%
שshin
77%
וwaw
76%
חhet
75%
טtet
75%
יyod
75%
לlamed
74%
זzayin
72%
תtaw
71%
ףפpe
70%
ךכkaf
69%
עayin
67%
קqoph
67%
רresh
67%
ץצtsade
67%
סsamekh
62%

Score Distribution

Percentile by Number Answered

Percent of People with Each Score

Your Score History

You have not taken this quiz